Les Frédéric célèbres - Statistiques

Statistiques générales
  • Ce quiz a été pris 78 fois
  • Le résultat moyen est 4 sur 20
Statistiques - réponses
Par images Réponse % Correct
Frédéric François
69%
Frédéric Chopin
68%
Frédéric Dard
45%
Frédéric II
38%
Saint Frédéric d'Utrecht
34%
Frédéric Barberousse
23%
Frédéric Taddei
21%
Frédéric Anton
17%
Frédéric Mistral
15%
Frédéric Courant
14%
Frédéric Guesdon
10%
Frédéric Weis
10%
Frédéric Forte
7%
Frédéric Bazille
6%
Frédéric de Pasquale
4%
Frédéric Saldmann
1%
Frédéric Albert
0%
Frédéric Bastiat
0%
Frédéric Jansoone
0%
Frédéric Le Play
0%
Aucun quiz correspondant
Distribution des résultats
% des personnes avec chaque résultat
Percentile par nombre de réponses
Votre historique - résultats
Vous n’avez pas pris ce quiz